| 000 | 00956nam a2200217 a 4500 | ||
|---|---|---|---|
| 001 | 000042216 | ||
| 005 | 20201002040019.0 | ||
| 008 | 131119s1996 sp g 000 0 spa d | ||
| 020 | _a8400075595 | ||
| 040 |
_aDO-SdBNP _bspa _cBNPHU |
||
| 100 | 1 |
_aCoppola, Filippo. _969235 |
|
| 245 | 1 | 3 |
_aEl robo de proserpina y sentencia de júpiter : _bNápoles 1678 / _cFilippo Coppola, Manuel García Bustamante; estudio y edición de Luís Antonio González Marín. |
| 260 |
_aBarcelona : _bInstitución Milá y Fontanals, _c1996. |
||
| 300 |
_a1 partitura (254 p.) : _bil., mús. ; _c32 cm. |
||
| 490 | 1 |
_aaMonumentos de la música española _v50 |
|
| 504 | _aIncluye referencias bibliográficas y notas al pie de las páginas | ||
| 700 | 1 |
_aGarcía Bustamante, Manuel. _969236 |
|
| 700 | 1 |
_aGonzález Marín, Luis Antonio _d1962- _eed. _969237 |
|
| 710 | 2 |
_aInstitución Milá y Fontanals (España) _969238 |
|
| 830 | 0 |
_aaMonumentos de la música española _v50 _969239 |
|
| 999 |
_c41705 _d41705 |
||